La Safor 1490-1990 : un itinerari bibliogràfic : del 8 al 28 d'octubre al claustre de la Biblioteca Municipal un itinerari bibliogràfic :
Descripción Física:
50 p. : il. ; 32 cm
MARC
| LEADER | 00000nam a2200000Ia 4500 | ||
|---|---|---|---|
| 001 | 9135 | ||
| 003 | BGR | ||
| 005 | 20260324175406.0 | ||
| 008 | 160829s1990 xx 000 0 cat d | ||
| 080 | |a A-2-73 | ||
| 245 | |a La Safor 1490-1990 : |b un itinerari bibliogràfic : |b del 8 al 28 d'octubre al claustre de la Biblioteca Municipal | ||
| 260 | |a Gandia : |b Ajuntament, Departament de Cultura i Biblioteques : |b [la Safor], |c 1990 | ||
| 300 | |a 50 p. : |b il. ; |c 32 cm | ||
| 590 | |a A peu de portada: '1490/1990 l'Any Tirant' | ||
| 600 | 1 | 0 | |a Martorell, Joanot, |d 1410-1465. |t Tirant lo Blanc |9 30022 |
| 650 | |a Llibres |x Safor, la |x 1490/1990 |x Exposicions |9 30855 | ||
| 710 | 1 | |a Gandia |b Ajuntament |9 61058 | |
| 901 | |a Arxiu | ||
| 942 | |n 1 |2 udc |c MON | ||
| 952 | |0 0 |1 0 |4 0 |6 A273 |7 1 |9 45547 |a Arxiu |b Arxiu |d 2016-12-01 |l 0 |o A-2-73 |p 9135 |r 2016-12-01 00:00:00 |w 2016-12-01 |y ARXIU | ||
| 999 | |c 48715 |d 48715 | ||